Rawls : el problema de la realidad y la justificación en la filosofía política /
John Rawls (1921), filósofo norteamericano, propone con su teoría de la justicia una reformulación del contrato social donde supone que las personas libres y racionales de una sociedad tienen el imperativo de elegir juntos su propia concepción de justicia, sin que nadie sepa cuál es su posición en d...
Gorde:
| Egile nagusia: | |
|---|---|
| Formatua: | Liburua |
| Hizkuntza: | gaztelania |
| Argitaratua: |
México :
Fontamara,
2008, c2008
|
| Saila: | (Biblioteca de Etica, Filosofía del Derecho y Política ;
110) |
| Gaiak: | |
| Etiketak: |
Etiketarik gabe, Izan zaitez lehena erregistro honi etiketa jartzen!
|
MARC
| LEADER | 00000nam^a2200000^a^4500 | ||
|---|---|---|---|
| 001 | 000304695 | ||
| 005 | 20250521000000.0 | ||
| 009 | 20260310112725.181 | ||
| 020 | |a 978-968-476-719-5 | ||
| 037 | |a Acervo ITESO - Biblioteca | ||
| 041 | |a ESP | ||
| 082 | |a 340. 1 |b BIB V. 110 | ||
| 100 | |a Peña, Carlos |e (autor) | ||
| 240 | 1 | 1 | |a [Biblioteca de ética, filosofía del derecho y política] |
| 245 | 1 | 0 | |a Rawls : |b el problema de la realidad y la justificación en la filosofía política / |c C. Peña ; dir. de la serie de E. Garzón Valdés, R. Vázquez. |
| 264 | 4 | |a México : |b Fontamara, |c 2008, c2008 | |
| 300 | |a 129 p. | ||
| 336 | |a texto |b txt |2 rdacontenido | ||
| 337 | |a sin mediación |b n |2 rdamedio | ||
| 338 | |a volumen |b nc |2 rdasoporte | ||
| 440 | 1 | |a (Biblioteca de Etica, Filosofía del Derecho y Política ; |v 110) | |
| 520 | |a John Rawls (1921), filósofo norteamericano, propone con su teoría de la justicia una reformulación del contrato social donde supone que las personas libres y racionales de una sociedad tienen el imperativo de elegir juntos su propia concepción de justicia, sin que nadie sepa cuál es su posición en dicha sociedad ni cuál es la distribución de las dotes naturales. La presente obra analiza la evolución y justificación de sus principios de justicia. | ||
| 649 | |a XX | ||
| 650 | |a Filósofos Norteamericanos | ||
| 650 | |a Filósofos Alemanes | ||
| 650 | |a Justicia e Injusticia - |x Teoría - |x Tema Principal | ||
| 650 | |a Filosofía Política | ||
| 650 | |a Filosofía Norteamericana - |x Historia y Crítica | ||
| 650 | |a Filosofía Alemana - |x Historia y Crítica | ||
| 650 | |a Derecho - |x Filosofía | ||
| 650 | |a Rawls, John - |x Tema Principal | ||
| 650 | |a Kant, Immanuel | ||
| 910 | |a Fondo General | ||
| 920 | |a Impresos - Libros | ||
| 930 | |a Colección General | ||
| 905 | |a 101 | ||
| 901 | |a 0500190882 |b IT1 |c ACC |i C125159 |u 20250521 | ||
| 902 | |a https://opac.biblio.iteso.mx/vufind/Record/000304695 | ||